| 000 | 00536nam a22001937a 4500 | ||
|---|---|---|---|
| 005 | 20180423172003.0 | ||
| 010 | _aENG-122654 | ||
| 020 |
_c395.00 _a9788175992832 |
||
| 035 | _aEN-106186 | ||
| 037 | _bDBAD/PUB | ||
| 082 | _aN | ||
| 100 | _aTolstoy,Leo | ||
| 245 |
_aWar and peace / _cby Leo Tolstoy |
||
| 260 |
_c2016 _aNew Delhi _bFingere print Classics |
||
| 270 |
_a113/A,Darya Ganj, _bNew Delhi _e110002 _k011-23246975, _minfo@prakashooks./com |
||
| 300 |
_c22cm(pbk) _a1232P. |
||
| 650 | _aFiction | ||
| 942 |
_cEN _2ddc _mTOL _hN |
||
| 999 |
_c151700 _d151700 |
||